000 00277nam a2200109Ia 4500
008 191201s2011 xx 000 0 und d
100 _aBAJAJ, Sandeep
245 0 _aMaterials and Metallurgy
260 _c2011
_bIshan Publications
_aNEW DELHI
300 _a295+36
942 _2ddc
_cBK
999 _c8100
_d8100